Report Of The Public Accounts Committee On The Performance Audit Report Of The Auditor-General On The Supply And Distribution Of Textbooks To Senior Secondary Schools. (Record no. 4996)

MARC details
000 -LEADER
fixed length control field 00627nam a22001697a 4500
003 - CONTROL NUMBER IDENTIFIER
control field OSt
005 - DATE AND TIME OF LATEST TRANSACTION
control field 20241220112357.0
008 - FIXED-LENGTH DATA ELEMENTS--GENERAL INFORMATION
fixed length control field 241220b |||||||| |||| 00| 0 eng d
041 ## - LANGUAGE CODE
Language code of text/sound track or separate title English
082 ## - DEWEY DECIMAL CLASSIFICATION NUMBER
Classification number PM/PAR/04 Acc. No. 10,769
110 ## - MAIN ENTRY--CORPORATE NAME
Corporate name or jurisdiction name as entry element Public Accounts Committee
245 ## - TITLE STATEMENT
Title Report Of The Public Accounts Committee On The Performance Audit Report Of The Auditor-General On The Supply And Distribution Of Textbooks To Senior Secondary Schools.
260 ## - PUBLICATION, DISTRIBUTION, ETC.
Place of publication, distribution, etc. Accra
Name of publisher, distributor, etc. Parliament Of Ghana
Date of publication, distribution, etc. June, 2004
300 ## - PHYSICAL DESCRIPTION
Extent 13P
650 ## - SUBJECT ADDED ENTRY--TOPICAL TERM
Source of heading or term Supply And Distribution Of Textbooks To Senior Secondary Schools
942 ## - ADDED ENTRY ELEMENTS (KOHA)
Source of classification or shelving scheme Dewey Decimal Classification
Koha item type Committee Reports
Suppress in OPAC No
Holdings
Withdrawn status Lost status Source of classification or shelving scheme Damaged status Not for loan Home library Current library Shelving location Date acquired Total checkouts Full call number Date last seen Copy number Price effective from Koha item type
    Dewey Decimal Classification     Main Library Main Library Open Shelves 20/12/2024   PM/PAR/04 Acc. No. 10,769 20/12/2024 1 20/12/2024 Committee Reports
©2026  Parliament of Ghana Library - All rights reserved